00559nam a2200157Ia 4500008004100000041001200041082001600053100001600069245007000085260003800155300000800193650000700201942000700208999001500215952017100230221030s9999 xx 000 0 und d aEnglish a105.23bGup aJ. B. Gupta 0aUtilizaiton of Electric Power & Electric Tractioncby J. B. Gupta bS. K. Kataria & SonsaDelhic2000 a534 aEE cBK c1002d1002 pBE 1743g140.00l0o105.23 Gupr2024-06-13 00:00:00w2022-10-30yBK003Print4070aMIETLIBbMIETLIBcBL-Academic Block A, FL-1, CUP-36, SH-1, R-1d2000-06-0710HBE